|
|
|
|
| LEADER |
00000nam a2200000 a 4500 |
| 001 |
vtls008946950 |
| 003 |
SK-MaSNL |
| 005 |
20260302075631.0 |
| 008 |
130117s2001 xo f u 000 0 slo |
| 015 |
|
|
|a SNBN2015
|
| 020 |
|
|
|c (cen. skup. 8)
|
| 040 |
|
|
|a SNK
|b slo
|c SNK
|e AACR2
|
| 041 |
1 |
|
|a slo
|h eng
|
| 044 |
|
|
|a xo
|c SK
|
| 046 |
|
|
|a m
|m 20011101 (účin.)
|n 20051101 (zruš.)
|
| 072 |
|
7 |
|a 621.3
|x Elektrotechnika
|2 konspekt
|
| 080 |
|
|
|a 621.313
|2 2001
|
| 080 |
|
|
|a 006.88
|2 2001
|
| 080 |
|
|
|a (437.6)
|2 2001
|
| 080 |
|
|
|a (4)
|2 2001
|
| 080 |
|
|
|a 331.45
|2 2001
|
| 080 |
|
|
|a (083)
|2 2001
|
| 084 |
|
|
|a 13.120
|2 ICS
|
| 084 |
|
|
|a 97.100.10
|2 ICS
|
| 130 |
0 |
|
|a STN 36 1055 (STN EN 60335-2-35/A1) [neplatná]
|9 742746
|
| 245 |
1 |
0 |
|a STN EN 60335-2-35/A1: 2001 (36 1055) [neplatná], Bezpečnosť elektrických spotrebičov pre domácnosť a na podobné účely
|n Časť 2-35
|p Osobitné požiadavky na prietokové ohrievače vody. Zmena A1
|
| 246 |
1 |
0 |
|a Bezpečnosť elektrických spotrebičov pre domácnosť a na podobné účely
|
| 246 |
1 |
0 |
|a Osobitné požiadavky na prietokové ohrievače vody
|
| 260 |
|
|
|a Bratislava
|b Slovenský ústav technickej normalizácie
|c 2001
|
| 300 |
|
|
|a 8 s.
|c 30 cm
|
| 500 |
|
|
|a Spracovateľ: SSTN Bratislava, Jozef Onderko ; SÚTN Bratislava, Juraj Kováč
|
| 500 |
|
|
|a [Norma je nahradená normou STN EN 60335-2-35 z júla 2004]
|
| 504 |
|
|
|a Súvisiace právne predpisy s. 2
|
| 540 |
|
|
|a STN vydané na akomkoľvek nosiči sa môžu rozmnožovať a rozširovať iba so súhlasom určenej právnickej osoby
|b SÚTN Bratislava
|c zákon 264/1999 Z. z.
|
| 650 |
0 |
7 |
|a elektrické spotrebiče
|2 SNKPH
|9 58058
|
| 650 |
0 |
7 |
|a bezpečnosť práce
|2 SNKPH
|9 1296
|
| 650 |
0 |
7 |
|a technické normy a štandardy
|z Slovensko
|2 SNKPH
|9 79594
|
| 650 |
0 |
7 |
|a technické normy a štandardy
|z krajiny Európskej únie
|2 SNKPH
|9 289341
|
| 650 |
0 |
7 |
|a electric apparatuss and appliances
|2 SNKPHeng
|9 483201
|
| 650 |
0 |
7 |
|a Occupational safety
|2 SNKPHeng
|9 287472
|
| 650 |
0 |
7 |
|a ohrev vody
|2 SNKPH
|9 30909
|
| 650 |
0 |
7 |
|a Water heating
|2 SNKPHeng
|9 320711
|
| 655 |
|
7 |
|a normy
|2 SNKPH
|9 70643
|
| 700 |
1 |
|
|a Onderko, Jozef
|4 trl
|9 303607
|
| 700 |
1 |
|
|a Kováč, Juraj
|4 aut
|9 331966
|
| 710 |
2 |
|
|a Slovenská spoločnosť pre technickú normalizáciu
|4 trl
|9 36642
|
| 710 |
2 |
|
|a Slovenský ústav technickej normalizácie (Bratislava, Slovensko).
|b Technická normalizačná komisia č. 10 Elektrické spotrebiče a elektrické ručné náradie
|4 stn
|9 293926
|
| 958 |
|
|
|a OP
|
| 958 |
|
|
|a NB
|
| 999 |
|
|
|c 1169987
|d 1171917
|
| 952 |
|
|
|a SNK
|b SNK
|y PREZ
|7 0
|p 17A0539645
|o snkSTN EN 60335-2-35/A1
|i snk2007/4491
|8 0
|0 0
|1 0
|4 0
|d 2007-02-19
|l 0
|r 2026-02-24 21:00:58
|w 2026-02-24
|
| 952 |
|
|
|a SNK
|b SNK
|y PREZ
|7 0
|p 17A0539642
|o snkSTN EN 60335-2-35/A1 D1
|i snk2007/4492
|8 0
|0 0
|1 0
|4 0
|d 2007-02-19
|l 0
|r 2026-02-24 21:00:59
|w 2026-02-24
|